| 000 | 02005cam a22003017a 4500 | ||
|---|---|---|---|
| 999 |
_c330563 _d330563 |
||
| 001 | 14802825 | ||
| 003 | NUST | ||
| 005 | 20170720121947.0 | ||
| 008 | 070410s2001 enkab b 001 0 eng d | ||
| 010 | _a 2007310135 | ||
| 015 | _aGBA2-23548 | ||
| 020 | _a1902916239 | ||
| 020 | _a9781902916231 (hbk.) | ||
| 035 | _a(OCoLC)ocm47901921 | ||
| 040 |
_aLHA _cLHA _dUMC _dOCLCQ _dUKM _dBAKER _dYDXCP _dDLC |
||
| 042 | _alccopycat | ||
| 050 | 0 | 0 |
_aTJ810.7 _b.S66 2001 |
| 082 | 0 | 4 |
_a621.47 GOR _221 |
| 245 | 0 | 0 |
_aSolar energy : _bthe state of the art : ISES position papers / _cEdited by Jeffrey Gordon. |
| 260 |
_aLondon : _bJames & James, _cc2001. |
||
| 300 |
_axviii, 706 : _bill., map ; _c24 cm. |
||
| 500 | _aH.B | ||
| 504 | _aIncludes bibliographical references and index. | ||
| 505 | 0 | 0 |
_tSolar and natural resources for a better efficiency in the built environment / _rM. Santamouris -- _tGlazings and coatings / _rK.G. Terry Hollands, J.L. Wright and C.G. Granqvist -- _tSelectively solar-absorbing coatings / _rE. Wäckelgård, G.A. Niklasson and C.G. Granqvist -- _tSolar collectors / _rGraham L. Morrison -- _tSolar water heating / _rGraham L. Morrison -- _tPhotovoltaic physics and devices / _rMartin A. Green -- _tSolar concentrators / _rR. Winston -- _tCost of pollution and the benefit of solar energy / _rA. Rabl and J.V. Spadaro -- _tSolar process heat: distillation, drying, agricultural and industrial uses / _rB. Norton -- _tSolar resource assessment: a review / _rR. Perez, R. Aguiar, M. Collares-Pereira, D. Dumortier, V. Estrada-Cajigal, C. Gueymard, P. Ineichen, P. Littlefair, H. Lund, J. Michalsky, J.A. Olseth, D. Renné, M. Rymes, A. Skartveit, F. Vignola and A. Zelenak -- _tSolar thermal electricity / _rD.R. Mills -- _tWind energy review / _rD. Milborrow. |
| 650 | 0 |
_aSolar energy. _93498 |
|
| 700 | 1 |
_aGordon, Jeffrey M. _93499 |
|
| 710 | 2 |
_aInternational Solar Energy Society. _93500 |
|
| 906 |
_a7 _bcbc _ccopycat _du _encip _f20 _gy-gencatlg |
||
| 942 |
_2ddc _cBK _kIESE |
||